| 000 | 00510nam a2200169Ia 4500 | ||
|---|---|---|---|
| 001 | 38852 | ||
| 008 | 140423s9999 xx 000 0 und d | ||
| 020 | _a9780195476835 | ||
| 040 | _cPK-LaUMT | ||
| 082 |
_aR 303.440954 _bHUM- |
||
| 110 | _aMahbub ul Haq Human Development Centre | ||
| 245 |
_aHuman development in South Asia 2007 _ba ten year review _cMahbub ul Haq Human Development Centre |
||
| 260 |
_aKarachi,Pakistan: _bOxford University Press, _c2008 |
||
| 300 | _a330 p. | ||
| 546 | _aEN | ||
| 942 | _cBK | ||
| 999 |
_c38173 _d38173 |
||